000 00339nam a2200133Ia 4500
005 20260328104325.0
008 260328s9999||||xx |||||||||||||| ||und||
100 _aCorbani, Luigi
245 0 _aJoze Plecnik, Architetto 1872-1957 /
_cLuigi Corbani
260 _bComune di Milano
300 _a191 p.
650 _aARQUITECTOS
942 _cBK
999 _c11493
_d11493